000 01181nam a2200301 i 4500
003 EG-GICUC
005 20260121101441.0
008 251207s1950 ua ||||fr|||| 00| 0 ara d
040 _a EG-GICUC
_bara
_c EG-GICUC
_d EG-GICUC
_erda
041 0 _aara
082 0 4 _221
_a343.3
_bم ح . ق
092 0 4 _221
099 _aLaw1 10 343.3 م ح . ق 1 ed - 1950
100 0 _aمحمد عبدالعزيز يوسف
_eمؤلف.
245 1 0 _aقانون الاجراءات الجنائية :
_bمذيلا بالمذكرات التفسيرية وتقارير اللجان البرلمانية /
_cمحمد عبدالعزيز يوسف.
250 _aالطبعة الأولى
264 1 _a{دون مكان نشر} :
_b{دون دار نشر}،
_c1950.
300 _a258 صفحة ؛
_c24 سم.
336 _2rda content
_atext
337 _2rda media
_aComputer
338 _2rda carrier
_aOnline Resource
546 _aالنص باللغة العربية
650 1 4 _aقانون الإجراءات الجنائية
650 1 4 _aالقانون الجنائي
856 4 0 _uhttps://fll.law.cu.edu.eg/fulltext/bks/B10-05698.pdf
905 _a77
_eHassnaa
942 _2ddc
_cBK
_e21
_n0
999 _c49091
_d49091